Visszapillantó lapszemle. Az "aranykorszak" vége
Elmentve itt :
| Szerző: | |
|---|---|
| Adatforrás: | Meister |
| Forrásdokumentuma: | A Hét. - 51 sz., 1990, 2 p. |
| Nyelv: | magyar |
| Kulcsszavak: | sajtórecenzió politikatörténet sajtó CEAUSESCU Nicolae Scanteia |
| LEADER | 00459nab a2200169 i 4500 | ||
|---|---|---|---|
| 001 | bibPRO00004854 | ||
| 008 | 060524s1990 xx hun | ||
| 040 | |a Sz1 | ||
| 041 | |a hun | ||
| 100 | 1 | |a BARABÁS István | |
| 245 | 1 | 0 | |a Visszapillantó lapszemle. Az "aranykorszak" vége |c BARABÁS István |
| 695 | |a sajtórecenzió | ||
| 695 | |a politikatörténet | ||
| 695 | |a sajtó | ||
| 695 | |a CEAUSESCU Nicolae | ||
| 695 | |a Scanteia | ||
| 773 | 0 | |t A Hét. - |g 51 sz., 1990, 2 p. | |